Riddles II Quiz Stats

 Plays Quiz Updated Nov 25, 2015

Score 0/10 Timer 06:00
0 Plays Today
Riddle Answer % Correct
Which one of the words in this sentence is misspelled?Misspelled
88.1%
Joe's mom had four kids: Nickel, Dime, Quarter and who is the fourth?Joe
79.5%
Take me from there, and I end up here.The Letter 't'
77.1%
I know a word of letters three, add two and fewer there will be?Few
49%
I start going and end up doing, I finish everything, and conclude nothing. What am I?The Letter 'G'
45%
The more you take away the larger I become, what am I?A Hole
37.7%
The man who made it doesn't want it. The man who bought it doesn't need it. The man who needs it doesn't know it. What is it?A Coffin
33.7%
Look at me one way and I weigh a whole lot; turn me around and you’ll see that I am not.Ton
32.7%
What can go around the world but stays in a corner?A stamp
21.7%
I can run but not walk. Wherever I go, thought follows close behind. What am I?Nose
13.5%

You're not logged in!

Compare scores with friends on all Sporcle quizzes.
OR
Log In

Sporcle TV

Today on Sporcle TV


Watch our educational content, quiz creation guides, and fun videos on Sporcle TV.

Show Comments

Extras

Top Quizzes Today


Score Distribution

Your Account Isn't Verified!

In order to create a playlist on Sporcle, you need to verify the email address you used during registration. Go to your Sporcle Settings to finish the process.

Report this User

Report this user for behavior that violates our Community Guidelines.

Details: